Statistics for Every Wale Song on the Billboard Hot 100

Click here to take the quiz!

General Stats

  • This quiz has been taken 21 times
    (9 since last reset)
  • The average score is 10 of 20

Answer Stats

#YearSong% Correct
812011Ambition ft. Meek Mill & Rick Ross
83%
212013Bad ft. Tiara Thomas or Rihanna
83%
642012Bag Of Money ft. Rick Ross, Meek Mill & T-Pain
83%
542016My PYT
83%
132011No Hands (Waka Flocka Flame) ft. Roscoe Dash
83%
382011Lotus Flower Bomb ft. Miguel
67%
872015The Body ft. Jeremih
67%
702015The Matrimony ft. Usher
67%
992009Chillin ft. Lady Gaga
50%
222019On Chill ft. Jeremih
50%
492011That Way ft. Jeremih & Rick Ross
50%
712012Diced Pineapples (Rick Ross) ft. Drake
33%
892013LoveHate Thing ft. Sam Dew
33%
702015Ride Out (Kid Ink, Tyga, YG & Rich Homie Quan)
33%
1002017Running Back ft. Lil Wayne
33%
972017Trap Trap Trap (Rick Ross) ft. Young Thug
33%
902013Bad Ass (Kid Ink) ft. Meek Mill
17%
742013Bounce It (Juicy J) ft. Trey Songz
17%
972011Focused ft. Kid Cudi
17%
902013So Many Girls (DJ Drama) ft. Tyga & Roscoe Dash
17%

Score Distribution

Percentile by Number Answered

Percent of People with Each Score

Your Score History

You have not taken this quiz since the last reset